Statistics for RuPaul's Drag Race Quiz #3

Click here to take the quiz!

General Stats

  • This quiz has been taken 214 times
  • The average score is 5 of 11

Answer Stats

HintAnswer% Correct
What did Eureka break during the cheer leading challenge on season 9?Her knee
92%
How many sewing/design challenges were on season 3?4
77%
And who won almost all of those sewing/design challenges? ^Raja
67%
How old is Monique Heart (today)?32
65%
What is Jinx Monsoon's mantra that she said before she got critiqued by the judges?Water off a duck's back
62%
Extra Hard: How many of the RPDR queens zodiac sign (not including season 11) is Scorpio?3
51%
Who fell during the photo shoot mini challenge during episode 1 of season 4?Jiggly Caliente
48%
Which season 11 queen is the first queen from Canada?Brook Lynne Hytes
41%
Extra Hard: How tall is Naomi Smalls?6'5"
30%
What was the name of the pancake Asia O'Hara decorated for a mini challenge on Season 10?Panquesha
1%
What are the workroom walls really made of ?Vinyl
1%

Score Distribution

Percentile by Number Answered

Percent of People with Each Score

Your Score History

You have not taken this quiz